00549nam a2200181Ia 450000500170000000800410001704000180005804100080007608200240008410000200010824500790012825000120020726000430021930000230026265000210028565000290030665000320033520250128115132.0210716s1989 xx 000 0 und d cAIMIT LIBRARY aeng a006.62028821bEVAR aEvans, Richard. aNorton utilities version 4.0 : billustrated tutorial /cBy Richard Evans. a1st ed. aNew Delhi :bBPB Publications ,c1989. a164p. ;bPBc24 cm aMeet the players aWhy the norton utilities aNU: the heart of the matter